00921nam a22001937a 4500003000800000008004100008037000800049040003500057041000800092080001600100100003200116245015400148260008200302300001800384500013700402650008700539650008300626655001800709BI-BuBU260507b2024 bd fr|||| 000 0 fre d bdon aBI-BuBUbfrecBI-BuBUdBI-BuBU0 afre a637.56.NIJ.1 4aut.aNijimbere, Josélyne00aEtude de la valeur nutritive des espèces de poisson du lac Tanganuyika : cas de Limnotilapia darnnei et de Clarias gariepinuscJosélyne Nijimbere aBujumburabUniverisite du Burundi, Faculté d'Agronomie et de Bio-Ingenirie a52 f.c30 cm. aMémoire présenté et défendu publiquement en vue de l'obtention du diplome de Master en Sciences et Technologie des aliments. 72BI-BuBUaPoisson : Limnotilapia dardenneixValeur nutritivexEtudezLac Tanganyika 7aPoisson : Clarias gariepinusxValeur nutritivexEtudezLac Tanganyika2BI-BuBU 72BI-BuBUabook